| 000 | 01407nam a22004577a 4500 | ||
|---|---|---|---|
| 005 | 20231023191858.0 | ||
| 008 | 190528b2017 xxu||||| |||| 00| 0 spa d | ||
| 020 | _a9788428338783 | ||
| 041 | _aESP | ||
| 082 | _a621.389.7 G934s | ||
| 100 |
_aGuerrero Vaquerizo, Iván _953783 |
||
| 245 | _aSistemas de producción audiovisual | ||
| 260 | _aEspaña | ||
| 260 | _bParaninfo | ||
| 260 | _c2017 | ||
| 300 | _a231 páginas | ||
| 650 | _aINGENIERÍA AUDIOVISUAL | ||
| 650 | _aPRODUCCIÓN AUDIOVISUAL | ||
| 650 | _aSONIDO | ||
| 650 | _aMICRÓFONOS | ||
| 650 | _aCONEXIONES DE AUDIO | ||
| 650 | _aPROCESADO DE AUDIO | ||
| 650 | _aALTAVOCES | ||
| 650 | _aACÚSTICA DE RECINTOS | ||
| 650 | _aCODIFICACIÓN DEL SONIDO | ||
| 650 | _aALMACENAMIENTO DEL SONIDO | ||
| 650 | _aSISTEMAS DE SONORIZACIÓN | ||
| 650 | _aINSTALACIONES ELECTROACÚSTICAS | ||
| 650 | _aIMAGEN ELECTRÓNICA | ||
| 650 | _aPROCESADORES DE VIDEO | ||
| 650 | _aINSTALACIONES DE VIDEO | ||
| 650 | _aPREVENCIÓN DE RIESGOS | ||
| 650 | _aPROTECCIÓN MEDIOAMBIENTAL | ||
| 650 | _aEQUIPOS AUDIOVISUALES | ||
| 650 | _aALTAVOCES | ||
| 650 | _aMEGAFONÍA | ||
| 650 | _aVIDEO CÁMARA | ||
| 650 | _aMONITORES DE VÍDEO | ||
| 942 |
_cBK _2ddc |
||
| 999 |
_c11951 _d11951 |
||